Southville International School and Colleges
Your cart is empty.
  • Cart
  • Lists
    Public lists Eva Luna New books Lux_list list_1
    Your lists Log in to create your own lists
  • Log in to your account
  • Your cookies
  • Search history
Southville International School and Colleges
  • Advanced search
  • Recent comments
  • Most popular
  • Libraries

Log in to your account

Log in with GOOGLE


If you do not have an external account, but do have a local account, you can still log in:

  1. Home
  2. MARC view: Business intelligence :
Normal view MARC view ISBD view

Business intelligence : (Record no. 25442)

[ view plain ]
MARC details
000 -LEADER
fixed length control field 00824nam a2200265 a 4500
005 - DATE AND TIME OF LATEST TRANSACTION
control field 20140310183623.0
008 - FIXED-LENGTH DATA ELEMENTS--GENERAL INFORMATION
fixed length control field 120906s19uu xx 00 eng d
020 ## - INTERNATIONAL STANDARD BOOK NUMBER
International Standard Book Number 978013247882
050 ## - LIBRARY OF CONGRESS CALL NUMBER
Classification number HD 38.7
Item number .T931 2011
100 ## - MAIN ENTRY--PERSONAL NAME
Personal name Turban, Efraim
245 ## - TITLE STATEMENT
Title Business intelligence :
Remainder of title a managerial approach /
Statement of responsibility, etc Efraim Turban, Ramesh Sharda, Dursun Delen, David King, Janine E. Aronson.
250 ## - EDITION STATEMENT
Edition statement 2nd ed. International ed.
260 ## - PUBLICATION, DISTRIBUTION, ETC. (IMPRINT)
Place of publication, distribution, etc Boston, United States :
Name of publisher, distributor, etc Prentice Hall,
Date of publication, distribution, etc 2011.
300 ## - PHYSICAL DESCRIPTION
Extent 312 p. :
Other physical details ill. ;
Dimensions 27 cm.
500 ## - GENERAL NOTE
General note Includes index
521 ## - TARGET AUDIENCE NOTE
Target audience note
650 ## - SUBJECT ADDED ENTRY--TOPICAL TERM
Topical term or geographic name as entry element Business intelligence
650 ## - SUBJECT ADDED ENTRY--TOPICAL TERM
Topical term or geographic name as entry element Industrial management
700 ## - ADDED ENTRY--PERSONAL NAME
Personal name Sharda, Ramesh
700 ## - ADDED ENTRY--PERSONAL NAME
Personal name Delen, Dursun
700 ## - ADDED ENTRY--PERSONAL NAME
Personal name King, David
700 ## - ADDED ENTRY--PERSONAL NAME
Personal name Aronson, Janine E.
942 ## - ADDED ENTRY ELEMENTS (KOHA)
Koha item type Books
Source of classification or shelving scheme Library of Congress Classification
Call number prefix Foreign
Holdings
Withdrawn status Lost status Source of classification or shelving scheme Damaged status Home library Current library Shelving location Date acquired Source of acquisition Cost, normal purchase price Total Checkouts Full call number Barcode Date last seen Copy number Price effective from Koha item type
    Library of Congress Classification   College Library College Library Graduate Section 09/06/2012 Donation 5327.00   HD 38.7 .T931 2011 C15510 03/14/2017 1 10/18/2013 Books

Business intelligence :

APA

Turban E., Sharda R., Delen D., King D. & Aronson J. E. (2011). Business intelligence. Boston, United States: Prentice Hall.

Chicago

Turban Efraim, Sharda Ramesh, Delen Dursun, King David and Aronson Janine E. 2011. Business intelligence. Boston, United States: Prentice Hall.

Harvard

Turban E., Sharda R., Delen D., King D. and Aronson J. E. (2011). Business intelligence. Boston, United States: Prentice Hall.

MLA

Turban Efraim, Sharda Ramesh, Delen Dursun, King David and Aronson Janine E. Business intelligence. Boston, United States: Prentice Hall. 2011.

  • Place hold
  • Print
  • Cite
  • Add to your cart (remove)
  • Save record
    BIBTEX Dublin Core MARCXML MARC (non-Unicode/MARC-8) MARC (Unicode/UTF-8) MARC (Unicode/UTF-8, Standard) MODS (XML) RIS
  • More searches
    Search for this title in:
    Other Libraries (WorldCat) Other Databases (Google Scholar) Online Stores (Bookfinder.com) Open Library (openlibrary.org)

Exporting to Dublin Core...

SOUTHVILLE LIBRARY

Southville International School and Colleges Library

1281 Tropical Ave. Cor. Luxembourg St., BF Homes International, Las Pinas City

Tel. No. 8256374 / 252358 Loc. 117/146

Powered by Koha